History Quiz

Random History or Nation Quiz

Speakers of the House Quiz Stats

 Plays Quiz Updated Feb 19, 2020

     
Support Sporcle.
Go Orange.
Score 0/63 Timer 12:00
1 Play Today
Congress Speaker % Correct
116-Nancy Pelosi
94%
110–111Nancy Pelosi
93.1%
114-115Paul Ryan
88%
104–105 Newt Gingrich
81.5%
95–99 Thomas P. O'Neill
58.8%
106–109Dennis Hastert
57.8%
112-114John Boehner
51.3%
12–13 Henry Clay
50.6%
14–16 Henry Clay
50.6%
18Henry Clay
50.6%
76–79 Sam Rayburn
44.8%
81–82 Sam Rayburn
44.8%
84–87 Sam Rayburn
44.8%
101–103 Thomas S. Foley
38.5%
24–25 James K. Polk
37.2%
100–101 James C. Wright
32.3%
28John W. Jones
31.8%
58–61 Joseph G. Cannon
30.1%
92–94 Carl Albert
27.9%
3Frederick A. C. Muhlenberg
27.2%
1Frederick A. C. Muhlenberg
27.2%
72John N. Garner
26.8%
80Joseph W. Martin
26.6%
83Joseph W. Martin
26.6%
87–91 John W. McCormack
25.6%
69–71 Nicholas Longworth
25.2%
38–40 Schuyler Colfax
24.7%
27John White
24.6%
16John W. Taylor
24.4%
19John W. Taylor
24.4%
51Thomas B. Reed
24.2%
54–55 Thomas B. Reed
24.2%
Congress Speaker % Correct
29John W. Davis
23.8%
41–43 James G. Blaine
22.6%
62–65 Champ Clark
21.7%
20–23 Andrew Stevenson
20.6%
74–76 William B. Bankhead
20.5%
2Jonathan Trumbull
20.4%
23John Bell
19.5%
34Nathaniel P. Banks
19.1%
4–5 Jonathan Dayton
19%
31Howell Cobb
18.4%
6Theodore Sedgwick
18.2%
7–9 Nathaniel Macon
18.1%
35James L. Orr
17.9%
37Galusha A. Grow
17.9%
74Joseph W. Byrns
17.7%
66–68 Frederick H. Gillett
17.5%
52–53 Charles F. Crisp
17.4%
44Michael C. Kerr
17.4%
10–11 Joseph B. Varnum
17.3%
17Philip P. Barbour
17.3%
26Robert M. T. Hunter
17.2%
36William Pennington
17%
56–57 David B. Henderson
17%
73Henry T. Rainey
17%
40Theodore M. Pomeroy
16.7%
13Langdon Cheves
16.6%
32–33 Linn Boyd
16.5%
30Robert C. Winthrop
16.4%
48–50 John G. Carlisle
15.8%
47J. Warren Keifer
15.7%
44–46 Samuel J. Randall
15.4%

From the Vault

Animals by Continent

by zaphenath

Science 5m
Figuring out what continent these animals come from is tricky. Not everything is so black and white.
Remove Ads.
Support Sporcle.
Get the best of Sporcle when you Go Orange. This ad-free experience offers more features, more stats, and more fun while also helping to support Sporcle. Thank you for becoming a member.

Show Comments

Extras

Top Quizzes Today


Score Distribution

Your Account Isn't Verified!

In order to create a playlist on Sporcle, you need to verify the email address you used during registration. Go to your Sporcle Settings to finish the process.

Report this User

Report this user for behavior that violates our Community Guidelines.

Details: